000 00239 a2200097 4500
001 23438
100 _aLampitt, R A
245 _aNetwork Analysis for Telecommunications and electronics
260 _a
_bIliffe
_c1965
090 _c15831
_d15831
942 _aNUST-CAE
_cM
_c6482
999 _c258511
_d258511